Catálogo

La democradura en tiempos de Moreno Valle / (Registro nro. 64317)

Detalles MARC
000 -LEADER
fixed length control field 01358cam a2200361 i 4500
001 - CONTROL NUMBER
control field 64317
003 - CONTROL NUMBER IDENTIFIER
control field Mx-PuUPA
005 - DATE AND TIME OF LATEST TRANSACTION
control field 20250507113515.0
008 - FIXED-LENGTH DATA ELEMENTS--GENERAL INFORMATION
fixed length control field 151006s2017 mx gr 000 0 spa d
020 ## - INTERNATIONAL STANDARD BOOK NUMBER
Terms of availability En trámite
040 ## - CATALOGING SOURCE
Original cataloging agency Mx-PuUPA
Transcribing agency Mx-PuUPA
Language of cataloging spa
Modifying agency Mx-PuUPA
Description conventions rda
041 0# - LANGUAGE CODE
Language code of text/sound track or separate title spa
100 1# - MAIN ENTRY--PERSONAL NAME
Personal name Morales Flores, Eudoxio,
9 (RLIN) 5866
Relator term autor
245 13 - TITLE STATEMENT
Title La democradura en tiempos de Moreno Valle /
Remainder of title Eudoxio Morales Flores, F. Humberto Sotelo M., Norberto Amaya Aquino
250 ## - EDITION STATEMENT
Edition statement Primera edición /
Remainder of edition statement enero
264 #1 - PRODUCTION, PUBLICATION, DISTRIBUTION, MANUFACTURE, AND COPYRIGHT NOTICE
Place of production, publication, distribution, manufacture Puebla, Pue. :
Name of producer, publisher, distributor, manufacturer Benemérita Universidad Autónoma de Puebla : Cámara de Diputados / LXXX Legislatura,
Date of production, publication, distribution, manufacture, or copyright notice 2017
300 ## - PHYSICAL DESCRIPTION
Extent 254 páginas ;
Dimensions 23 cm
336 ## - CONTENT TYPE
Content type term texto
Content type code txt
Fuente rdacontent
337 ## - MEDIA TYPE
Source rdamedia
Media type term sin medio
Media type code n
338 ## - CARRIER TYPE
Source rdacarrier
Carrier type term volumen
Carrier type code nc
650 #7 - SUBJECT ADDED ENTRY--TOPICAL TERM
Source of heading or term armarc
9 (RLIN) 13986
Topical term or geographic name entry element Despotismo morenovallista
650 #7 - SUBJECT ADDED ENTRY--TOPICAL TERM
Source of heading or term armarc
Topical term or geographic name entry element Poder (Ciencias sociales)
Geographic subdivision Puebla
650 #7 - SUBJECT ADDED ENTRY--TOPICAL TERM
Source of heading or term Autoritarismo
9 (RLIN) 13986
651 #4 - SUBJECT ADDED ENTRY--GEOGRAPHIC NAME
Geographic name Puebla
General subdivision Política y gobierno
Chronological subdivision 2011 - 2017
651 #4 - SUBJECT ADDED ENTRY--GEOGRAPHIC NAME
Geographic name Puebla
Geographic subdivision México
General subdivision Pobreza
700 1# - ADDED ENTRY--PERSONAL NAME
Personal name Sotelo M. F. Humberto,
Relator term autor
700 1# - ADDED ENTRY--PERSONAL NAME
Personal name Amaya Aquino, Norberto,
Relator term autor
942 ## - ADDED ENTRY ELEMENTS (KOHA)
Source of classification or shelving scheme Dewey Decimal Classification
Koha item type Libro
Classification part 320.97248
Item part M82
Existencias
Withdrawn status Lost status Source of classification or shelving scheme Damaged status Not for loan Collection code Home library Current library Shelving location Date acquired Source of acquisition Total Checkouts Full call number Barcode Date last seen Price effective from Koha item type
    Dewey Decimal Classification     General Biblioteca Karol Wojtyla Biblioteca Karol Wojtyla Sala general 03/12/2013 Donación   320.97248 M82 2017 45440 05/01/2026 03/12/2013 Libro